000 00267nam a22001217a 4500
008 170822b xxu||||| |||| 00| 0 eng d
041 _aeng
080 _29 ED
_a51
100 _a37
101 _aMAT
245 _aINTEMEDIATE ALGEBRA
_cELLENBOGEN.B
942 _2udc
_cBK
999 _c24445
_d24445